000
00276nam a2200109 4500
008
160629b xxu||||| |||| 00| 0 eng d
100
_9
1330
_a
Sharma., et al
245
_a
Biology - Class XII
260
_a
N.D
_b
Arya
_c
2005
300
_a
Biology - Class XII
942
_2
ddc
_c
BK
999
_c
1090
_d
1090